000 00277nam a22001217a 4500
008 190205b xxu||||| |||| 00| 0 eng d
041 _aeng
080 _a371
100 _a25
101 _aEDU
245 _aContemporary Schools of Metascience
_cRadnitzky, G
942 _2udc
_cBK
999 _c53982
_d53982